Skôr ako začnete podnikať vo vidieckom cestovnom ruchu

Budúcnosť a ciele vidieckeho cestovného ruchu na Slovensku. Osobitosti podnikania v týchto oblastiach: využívanie bytového fondu na vidieku, poskytovanie služieb turistom, lepšie životné prostredie. Základné požiadavky na úspešné podnikanie v oblasti cestovného ruchu na vidieku. Nevyhnutnosť príprav...

Descrizione completa

Salvato in:
Dettagli Bibliografici
Autore principale: Gúčik, Marián
Natura: Capitolo di libro
Lingua:slovacco
Soggetti:
Tags: Aggiungi Tag
Nessun Tag, puoi essere il primo ad aggiungerne!!

MARC

LEADER 00000naa a2200000 4500
001 r028082
005 20230724103749.2
041 0 |a slo 
044 |a SK 
245 1 0 |a Skôr ako začnete podnikať vo vidieckom cestovnom ruchu  |c M. Gúčik 
520 |a Budúcnosť a ciele vidieckeho cestovného ruchu na Slovensku. Osobitosti podnikania v týchto oblastiach: využívanie bytového fondu na vidieku, poskytovanie služieb turistom, lepšie životné prostredie. Základné požiadavky na úspešné podnikanie v oblasti cestovného ruchu na vidieku. Nevyhnutnosť prípravy obyvateľstva na rozvoj cestovného ruchu v obci. 
610 2 0 |a agroturistika 
610 2 0 |a ruch cestovný 
610 2 0 |a vidiek 
610 2 0 |a Slovensko 
610 2 0 |a podnikanie 
610 2 0 |a služby 
610 2 0 |a obce 
100 1 |a Gúčik, Marián